KOHA-Header-6

Introduction to Robotics ; Analysis, Control and Applications (Record no. 13969)

000 -LEADER
fixed length control field 00295nam a22001217a 4500
082 ## - DEWEY DECIMAL CLASSIFICATION NUMBER
Classification number 629.89
100 ## - MAIN ENTRY--AUTHOR NAME
Personal name Saeed B. Niku
245 ## - TITLE STATEMENT
Title Introduction to Robotics ; Analysis, Control and Applications
250 ## - EDITION STATEMENT
Edition statement Second Edition
260 ## - PUBLICATION, DISTRIBUTION, ETC. (IMPRINT)
Place of publication California
Year of publication 2010
300 ## - PHYSICAL DESCRIPTION
Number of Pages 466 pages
942 ## - ADDED ENTRY ELEMENTS (KOHA)
Koha item type Books
Holdings
Withdrawn status Lost status Collection code Permanent Location Current Location Shelving location Date acquired Full call number Accession Number Koha item type
    Computer Science MAJU MAJU Shelf No.A31 2024-09-10 629.89 11063 Books

Powered by Koha